Quizzes
Events
Quiz Creation
Community
Videos
Private Events
Remove Ads
Sign In
Join for FREE
Feedback
Dark Mode
Quiz Categories
Sports
Geography
Music
Movies
Television
Just For Fun
Miscellaneous
History
Literature
Language
Science
Gaming
Entertainment
Religion
Holiday
For Kids
Quiz Lab
Recent
Popular Today
Quiz Kudos Today
Editor Picks
Curator Picks
Quizzes by...
Day
Popularity
Type
Ratings
Length
Year
Community
Subscriptions
Recent Discussions
Orange Saloon
Badges
Playlists
Quests
Create
Leaderboards
Showdown
Live 5
Trivia Bingo
Activity
Puzzle Library
Sporcle Events
Private Events
Virtual Trivia
Globe League
Become a Host
Pub Owners
SporcleCon
Opinionation
Our Games
Videos
Blog
Mobile Apps
Partnerships
Remove Ads and Go Orange
Feedback
Sports
Athletes
MLB
NBA
NHL
NFL
Soccer
Sports Teams
WWE
NCAA
Football
Premier League
Basketball
Baseball
Hockey
Golf
Tennis
Cricket
Rugby
Auto Racing
Olympics
World Cup
Sports
Athletes
MLB
NBA
NHL
NFL
Soccer
Sports Teams
WWE
NCAA
Football
Premier League
Basketball
Baseball
Hockey
Golf
Tennis
Cricket
Rugby
Auto Racing
Olympics
World Cup
Random Quiz
Search Sporcle
×
Quiz Lab
Quiz Lab
Sports
Premier League
Type in answers that appear in a list
Type in answers that appear in a list
Classic
Best Score? Go Orange.
Premier League Scorers v Manchester United Since 2010 Stats
Players to Score a Premier League Goal against Manchester United Since 2010
By
aj95
15m
98 Questions
142 Plays
142 Plays
142 Plays
Comments
Comments
Give Quiz Kudos
Give Quiz Kudos
-
- Ratings
hide this ad
More Info
Replay
Link that replays current quiz
Next Quiz
Link to next quiz in quiz playlist
You Got
0%
They Got
Avg Score
42%
Avg Friend Score
Upgrade to see
Score Distribution
Jump to the score distribution portion of the page
Score
0/98
Timer
15:00
0
Plays Today
Goals
Player Name
% Correct
4
Sergio Aguero
96.5%
4
Steven Gerrard
95.1%
2
Fernando Torres
90.1%
2
Demba Ba
86.6%
2
Frank Lampard
85.9%
1
Didier Drogba
83.8%
1
Ricardo Vaz Te
81.7%
1
Edin Dzeko
79.6%
3
Romelu Lukaku
78.9%
3
Dirk Kuyt
76.8%
1
Luis Suarez
74.6%
2
Robin Van Persie
73.9%
2
Yaya Toure
73.9%
1
Darren Bent
73.2%
1
Nemanja Vidic
72.5%
2
David Silva
71.8%
2
Peter Crouch
71.8%
1
Phil Jones
68.3%
2
Marouane Fellaini
68.3%
1
Papiss Cisse
68.3%
2
Theo Walcott
67.6%
3
Juan Mata
67.6%
2
Michu
66.9%
2
Daniel Sturridge
66.2%
1
Gareth Bale
65.5%
1
Jermain Defoe
64.8%
1
Charlie Adam
64.1%
2
Mario Balotelli
64.1%
1
James Milner
64.1%
1
Joe Cole
62%
3
Jonny Evans
60.6%
1
Rickie Lambert
59.2%
1
Patrice Evra
58.5%
Goals
Player Name
% Correct
1
Tim Cahill
57.7%
1
Aaron Ramsey
57%
1
Steven Fletcher
54.9%
1
Samir Nasri
54.9%
1
Ashley Young
52.8%
1
Vincent Kompany
52.8%
2
Clint Dempsey
51.4%
2
Steven Pienaar
46.5%
2
Yakubu
46.5%
2
Nikica Jelavic
46.5%
1
DJ Campbell
45.8%
1
Santi Cazorla
45.8%
1
Fraizer Campbell
45.8%
1
Adam Lallana
45.7%
1
Mikel Arteta
45.1%
1
Jay Rodriguez
42.3%
1
Grant Holt
41.5%
1
Shane Long
39.4%
1
Wayne Rooney
39.4%
1
Kevin Doyle
38.7%
2
James Morrison
38%
1
Sean Morrison
38%
1
Yohan Cabaye
37.3%
2
David Luiz
36.6%
1
Adam Le Fondre
36.6%
1
Ramires
35.2%
1
Damien Duff
33.8%
2
Andreas Weimann
33.1%
1
Wilfried Bony
31.7%
1
Brede Hangeland
31%
1
Pablo Zabaleta
31%
1
Simon Davies
28.9%
1
Anthony Pilkington
28.2%
Goals
Player Name
% Correct
1
Gary Taylor-Fletcher
26.1%
1
Thomas Vermaelen
23.9%
1
Shaun Maloney
22.5%
1
Marko Arnautovic
22.1%
1
Jack Rodwell
21.8%
1
Craig Gardner
21.1%
2
Lee Bowyer
19.7%
1
Morgan Schneiderlin
19%
1
Ledley King
18.3%
1
Saido Berahino
16.9%
1
Martin Petrov
16.2%
1
Christopher Samba
16.2%
1
Marc Albrighton
14.8%
1
Sylvain Ebanks Blake
14.1%
1
Youssuf Mulumbu
13.4%
1
Craig Cathcart
12.7%
1
Diniyar Bilyaletdinov
10.6%
1
Grant Hanley
10.6%
1
Jamie Mackie
10.6%
1
James Perch
10.6%
1
Mohamed Diame
9.9%
1
Tuncay Sanli
9.2%
1
Morgan Amalfitano
9.2%
1
Dan Gosling
8.5%
1
Somen Tchoyi
7.7%
1
Brett Emerton
7.7%
1
Dean Whitehead
7.7%
1
George Elokobi
7.7%
1
Hal Robson-Kanu
7.7%
1
Zat Knight
5.6%
1
Michael Kightly
5.6%
1
Carlos Cuellar
4.9%
Quiz Playlist
Details
Report
Send in Message
Add To Playlist
More Info:
Includes any Player to Score a Premier League Goal against Manchester United Since January 1st 2010 to Present
Classic:
Type in answers that appear in a list
Last Updated: Feb 16, 2017
Quiz Scoreboard
CHALLENGE
Sign Up to Join the Scoreboard
Show All
Scores
Hide
Comments
May contain spoilers
Recently Published
An Introduction to Baseball
by treessimontrees
Sports
5m
Movies - When Are They Set?
by FPL_Elf
Movies
5m
Popular People in 1961
by mucciniale
History
6m
More to Explore
Quiz From the Vault
Featured Blog Post
Where Did the Easter Bunny Come From?
hide this ad
You Might Also Like...
Tags
Premier League Quiz
2010
Against
goal
League
Manchester
Manchester United
Player
Premier
score
Scorer
team
United
Today's Top Quizzes in Sports
Browse Sports
hide this ad
Today's Top Quizzes in Premier League
Browse Premier League
Top Contributed Quizzes in Sports
1
Les meilleurs buteurs des matchs entre le PSG et l’OM
2
2022 World Cup Stars
3
FIFA Club World Cup Champions
4
Les entraîneurs de l'OM et du PSG au 21e siècle
5
Name the Premier League winners with different clubs
6
La finale Lions - Afrique du Sud 2021
7
Les joueurs passés par le LOSC et le RC Lens
8
Criteria MLB: Left Handed Sluggers
9
Players with Multiple 50 Home Run Seasons
10
5-to-1: UK Sports Teams
Explore More
Trending Topics
Disney
Marvel
Crossword
NBA
Anime
Kpop
Harry Potter
NFL
Country
Song
Pokémon
Puzzle
The Office
Soccer
WWE
hide this ad
More By:
aj95
Quiz
Plays
Rating
Category
Featured
Created
European Capital Match-Up
164,399
4.53
Geography
Mar 11, 2013
Top Premier League Scorers (2010s)
141,092
4.59
Sports
Aug 12, 2015
Premier League Nationalities 2013-14
10,946
4.32
Sports
Jul 12, 2013
Premier League Club Top Scorers 2014/15
7,349
3.72
Sports
May 20, 2015
Minute Maths
6,075
3.88
Just For Fun
Jan 17, 2013
Go to Creator's Profile
Score Distribution
Quiz Creator Spotlight
aj95
Follow
Send a Message
Quizzes Created
-
Created Quiz Play Count
-
More By This Creator
Popular Quizzes Today
1
Find the Countries of Europe - No Outlines Minefield
2
Find the US States - No Outlines Minefield
3
The Countries of the World
4
Popular People in 1961
5
US States
6
Find the US States
7
1-10 Letter E Words III
8
Risky Map Clicking: Biggest States A-Z
More Sports Quizzes
Wrestlers with Most 5* Matches
Quiz Lab
Trending Quizzes
Risky Map Clicking: Least Populous States A-Z
1-10 Letter F Words
1-10 Letter G Words
Not Quite an Element Typing Challenge
One Thing in Common: United Kingdom
Recently Updated
Leaping Animals
pecheneg
Reality TV Shows (A-Z)
bhenderson79
Rickey Henderson's Hall of Fame Teammates
pecheneg
Champions League XIs: Arsenal
pecheneg
Quick Pick: Celebrities in WWE's Hall of Fame
aduchscher
A-Z Keypad Blitz II
pecheneg
Multiple Oscar Actors
pecheneg
Mystery Phrase Blitz: Oscar 'Best Actors'
pecheneg
F. Scott Fitzgerald Novels
LTH
Pick 3 Villains
ddd62291
Trending Topics
Anime
Harry Potter
Kpop
Disney
Crossword
NBA
Marvel
Country
WWE
Soccer
Pokémon
The Office
NFL
Puzzle
Song
Your Account Isn't Verified!
In order to create a playlist on Sporcle, you need to verify the email address you used during registration. Go to your
Sporcle Settings
to finish the process.
Report this User
Report this user for behavior that violates our
Community Guidelines
.
Details:
Send Report
Go to the Sporcle.com Mobile Site →
Comments